000 00399nam a2200133 a 4500
001 000046232
005 20201002052726.0
008 150708s1991 dr c 000 0 spa d
040 _aDO-SdBNP
_bspa
_cBNPHU
100 1 _aCapellan, Tony
_956884
245 1 0 _aZona magica /
_cTony Capellan.
260 _aSanto Domingo :
_bVoluntariado de las Casas Reales,
_c1991.
300 _a4 p. :
_bil. retrs. ;
_c32 cm.
999 _c45721
_d45721